MARC

LEADER 00000ngm^a2200000^a^4500
001 000365125
005 20250521000000.0
009 20260310115636.413
037 |a Acervo ITESO - Biblioteca 
041 |a ING 
082 |a 759. 949204  |b VER TEL 
100 |a Teller  |e (realización) 
240 1 4 |a [El Vermeer de Tim] 
245 1 3 |a El Vermeer de Tim =  |b Tim's Vermeer /  |c Realización de Teller. 
264 4 |a EUA :  |b High Delft Pictures,  |c 2013, c2013 
264 2 |a México :  |b Sony Pictures [distribución] :  |b Twentieth Century Fox [distribución],  |c 2014, c2014 
300 |a 1 DVD regiones 1 y 4 (80 min.) :  |b color 
336 |a imagen móvil bidimensional  |b tdi  |2 rdacontenido 
337 |a video  |b v  |2 rdamedio 
338 |a videodisco  |b vd  |2 rdasoporte 
545 0 |a Jan Vermeer (Delft, 1632-1675), pintor holandés, uno de los mayores creadores surgidos durante la Edad de Oro neerlandesa. Ingresó en el gremio de pintores de su ciudad natal (1653) y fue dos veces decano del mismo (1662-63 y 1670-71), pero se desconoce quién fue su maestro y es muy probable que se ganara la vida por medios distintos del arte, al frente de una posada heredada de su padre. Además de una visita a La Haya (1672), para determinar la autenticidad de un grupo de cuadros italianos, no existen noticias de que haya salido de Delft. Mientras su biografía permanece mayormente como un enigma, el conjunto de su obra ha sido establecido con firmeza entre unos treinta y cuarenta cuadros, pese a las dificultades subsistentes para fijar la datación de cada uno de ellos. Tras un inicio en el género histórico, alcanzó su plenitud creativa con una serie de escenas domésticas de gran serenidad y armonía, trazadas con una composición de sencillez abstracta y un tratamiento exquisito de la luz: El callejón y Vista de Delft, ambas escenas exteriores; Muchacha leyendo una carta, La lechera, Mujer con una jarra de agua, Mujer leyendo una carta, La tasadora de perlas, Muchacha con turbante o La joven de la perla, La carta de amor y La encajera, todos retratos femeninos; La lección de música y El estudio del artista o El arte de la pintura son manifestaciones de una depurada sobriedad. Revalorado a partir del siglo XIX, sus pinturas son atesoradas en los mejores museos de su natal Holanda, Alemania, Austria, Estados Unidos, Francia, Gran Bretaña e Irlanda. Ha sido sujeto de plagios, homenajes –pictóricos, pero también cinematográficos y literarios- y de discusiones sobre su hipotético uso de instrumentos de la óptica para lograr sus inolvidables creaciones. 
546 |a En inglés, con subtítulos opcionales: español, coreano, francés, inglés, mandarín, portugués, thai 
586 |a Premio Oscar, de la Academia Norteamericana de Cine (86°: 2013): Mejor Largometraje Documental (semifinalista) 
586 |a Premio BAFTA, de la Academia Británica de Cine y Televisión (67°: 2013): Mejor Documental (finalista) 
649 |a XX 
650 |a Pintores en el Cine 
650 |a Pintores Holandeses 
650 |a Artistas en el Cine 
650 |a Artistas Holandeses 
650 |a Inventores Norteamericanos 
650 |a Documentales 
650 |a Opera Prima 
650 |a Cine Norteamericano -  |y 2000-2009 
650 |a Cine Norteamericano -  |y Siglo XXI 
650 |a Pintura Barroca -  |z Holanda -  |x Historia y Crítica 
650 |a Pintura Holandesa -  |x Historia y Crítica 
650 |a Pintura -  |x Materiales y Equipo 
650 |a Pintura -  |x Técnica 
650 |a Arte Barroco -  |z Holanda -  |x Historia y Crítica 
650 |a Arte y Ciencia -  |z Holanda -  |x Historia y Crítica 
650 |a Arte Holandés -  |x Historia y Crítica 
650 |a Arte -  |x Materiales y Equipo 
650 |a Arte -  |x Técnica 
650 |a Optica -  |x Equipo y Aparatos 
650 |a Delft, Holanda en el Cine 
650 |a Holanda en el Cine 
650 |a Londres, Inglaterra en el Cine 
650 |a Inglaterra en el Cine 
650 |a Jenison, Tim -  |x Tema Principal 
650 |a Vermeer, Jan -  |x Tema Principal 
700 |a Jillette, Penn  |e (guión) 
700 |a Teller  |e (guión) 
700 |a Kelly, Shane F.  |e (fotógrafo) 
700 |a Sheffield, Patrick  |e (montaje) 
700 |a Pope, Conrad  |e (música) 
700 |a Teller  |e (comentarios) 
910 |a Fondo General 
920 |a Audiovisuales - DVDs 
940 |a Películas 
905 |a 302 
901 |a 0500242012  |b IT2  |c DVS  |i C143056  |u 20250521 
902 |a https://opac.biblio.iteso.mx/vufind/Record/000365125